| 000 | nam a22 7a 4500 | ||
|---|---|---|---|
| 999 |
_c28113 _d28113 |
||
| 008 | 170214b xxu||||| |||| 00| 0 eng d | ||
| 020 | _a0077385314 | ||
| 050 | _aHD 30.28 .T46 2010 | ||
| 100 | _aThompson, Arthur A. | ||
| 245 |
_aCrafting and Executing Strategy : _bThe Quest for Competitive Advantage Concepts and Cases / _cArthur, A. Thompson; Jr; A.J. Strickland III and John E. Gamble |
||
| 260 |
_aStrayer university: _bMcGraw-Hill, _c2010. |
||
| 300 |
_axiv, 413p. : _bill. ; |
||
| 500 | _aincludes index | ||
| 650 | _2strategic planning | ||
| 700 | _aA.J Strickland III | ||
| 700 | _aJohn, E. Gamble | ||
| 942 |
_2lcc _cBOOKS _hHD 30.28 .T46 2010 |
||